000
00353nam a2200145 a 4500
001
4140
005
20140414131919.0
008
090218s19uu xx 00 eng d
020
_a
0-439-27667-5
050
_a
ER
_b
M99 2001
100
_a
Most, Bernard
245
_a
My very own octopus.
260
_a
New York :
_b
Scholastic ,
_c
1980.
999
_c
111644
_d
111644